000 00606nam a2200193Ia 4500
003 GCL
008 140319s9999 xx 000 0 ara d
040 _aGCL /
_cGCL
082 0 4 _a921.4
_bر ا
100 1 _aحلمى مراد
245 1 0 _aاعترافات جان جاك روسو /
_cحلمى مراد
700 1 _aروسو ، جان جاك
260 _aالقاهرة :
_bالمطبعة العربية الحديثة
300 _a245 ص ؛
_c17 سم
650 0 4 _aالفلسفة الغربية
650 0 4 _aجان جاك روسو
650 0 4 _aالفلاسفة - تراجم
942 _2ddc
_cBK
999 _c46273
_d46273